Tilastot visalle Merisää - nimeä Suomen rannikkokuntia

Klikkaa tästä pelataksesi tätä visaa!

Yleistilastot

  • Tätä visaa on pelattu 49 kertaa
    (46 viimeisimmän päivityksen jälkeen)
  • Keskiarvotulos 28 / 38

Vastaustilastot

KuntaRannikkoasema% Oikein
Oulu* Vihreäsaari
100%
HelsinkiHarmaja
90%
PorvooEmäsalo
90%
PorvooKalbådagrund
90%
Hanko* Tulliniemi
87%
HankoRussarö
87%
PoriTahkoluoto
87%
KemiAjos
84%
Kemi* I
84%
Kotka* Rankki
84%
KotkaHaapasaari
84%
RaaheNahkiainen
84%
RaaheRaahe
84%
RaumaKylmäpihlaja
84%
RaaseporiJussarö
81%
KokkolaTankar
77%
LoviisaOrrengrund
77%
ParainenUtö
77%
ParainenFagerholm
77%
SipooItätoukki
77%
TurkuRajakari
77%
InkooBågaskär
74%
MustasaariValassaaret
74%
HailuotoMarjaniemi
71%
KalajokiUlkokalla
68%
KustaviIsokari
68%
PietarsaariKallan
68%
KemiönsaariVänö
65%
KirkkonummiMäkiluoto
65%
KumlingeKumlinge
65%
KökarBogskär
61%
MaalahtiStrömmingsbådan
61%
HammarlandMärket
58%
KaskinenSälgrund
58%
KorsnäsBredskäret
52%
LemlandNyhamn
52%
GotlantiGotska Sandön
16%
SaarenmaaVilsandi
16%

Tulosjakauma

Persentiili vastausten määrän mukaan

Jokaisen tuloksen saaneiden osuus

Tuloshistoriasi

Et ole pelannut tätä visaa sen viimeisimmän päivityksen jälkeen